000 01001cam a22003377a 4500
003 CHAP
005 20220817043217.0
008 971013s1989 r 00010 d
010 _a68676
011 _a69648
035 _a79125
040 _cCHAP
082 _a634.3
_bF3
110 _aFAO
245 0 _aCitrus juices
_b: trends and prospects in world production and international trade
260 _aRome :
_bFAO,
_c1989
300 _a54 p.
410 _aFAO
490 0 _aDesarrollo económico y social
_v; 78
590 _aBATCH-UPD
_b10
_c20130110
_lUCH01
_h1906
590 _aBATCH-UPD
_b10
_c20130410
_lUCH01
_h1234
590 _aBATCH-UPD
_b10
_c20130914
_lUCH01
_h0959
590 _aCONVERSION
_b10
_c20130109
_lUCH01
_h1338
650 1 4 _aCítricos
_xIndustria.
_924439
650 1 4 _aJugos de fruta.
_962307
810 0 _aFAO
830 0 0 _aDesarrollo económico y social
_v; 78
_932058
901 _aBK
942 _cLIBRO
949 _a634.3 F3
_bBC
_cLIBRO
_d-32006
_eLIBRO
_h75741
_i79125
_si
999 _c68676
_d68676